[Event "Wil Acrevis op 1st"]
[Site "Wil"]
[Date "2020.06.20"]
[Round "3"]
[White "Zoller, Patrik"]
[Black "Baumgartner, Felix"]
[Result "1-0"]
[WhiteElo "1689"]
[BlackElo "1396"]
[PlyCount "85"]
[EventDate "2020.06.19"]
[EventType "swiss"]
[EventRounds "5"]
[EventCountry "SUI"]
[SourceTitle "CBM 197 Extra"]
[Source "ChessBase"]
[SourceDate "2020.09.30"]
[SourceVersion "1"]
[SourceVersionDate "2020.09.30"]
[SourceQuality "1"]

1. Nf3 Nf6 2. g3 e6 3. Bg2 d5 4. c4 c6 5. b3 Bb4 6. a3 Be7 7. Bb2 b6 8. 0-0 Ba6 9. d3 Nbd7 10. Nbd2 0-0 11. Rc1 b5 12. cxb5 cxb5 13. Nd4 Bb7 14. Nxb5 Qb6 15. a4 Rac8 16. Bd4 Bc5 17. Bxc5 Nxc5 18. b4 Nxa4 19. Qxa4 Bc6 20. Rxc6 Qxc6 21. Qa5 Qb6 22. Qxb6 axb6 23. e4 Rc2 24. Rd1 Rb2 25. exd5 e5 26. d6 e4 27. dxe4 Rxb4 28. Nc7 Rd4 29. e5 Nd7 30. f4 Rb8 31. Nb5 Rd3 32. Be4 Re3 33. Kf2 Rxe4 34. Nxe4 Ra8 35. Ke3 Ra2 36. Rd2 Ra1 37. Rc2 h6 38. Rc8+ Kh7 39. Rc7 Rb1 40. Nd4 b5 41. Rxd7 b4 42. Rxf7 b3 43. Nd2 1-0